000 01172naa a22003257a 4500
001 BR8704673
003 BR-BrBNA
005 20240918175839.0
007 ta
008 230509b bl.||||| |||| 00| 0 por d
040 _aBR-BrBNA
_bpor
_cBiblioteca Nacional de Agricultura
041 _a(Pt)
072 _aF03; F62
_b0150
_b3575
090 _aF03 BR8704673
100 1 _aRocha, S.B. da
111 1 _a12. Reuniao da Cultura do Arroz Irrigado
_cPorto Alegre, RS (Brazil)
_d21-23 Sep 1983
245 1 _aDeterminacao da maturacao fisiologica das cultivares BR-IRGA 409 e Bluebelle [arroz, Oryza sativa]
260 3 _aPorto Alegre, RS (Brasil):
_c1983.
500 _aAnais da 12. Reuniao da Cultura do Arroz Irrigado Porto Alegre, RS (Brasil): 1983. p. 267-269 (BR8704673-AM)F03
650 _aARROZ IRRIGADO
650 _aVARIEDADE
650 _aSEMENTE
650 _aUMIDADE
650 _aMATURACAO
650 _aPODER GERMINATIVO
650 _aANALISE QUALITATIVA
773 0 _tAnais da 12. Reuniao da Cultura do Arroz Irrigado
_wF03 BR8704673
_gPorto Alegre, RS (Brasil), 1983. p. 267-269
909 _a202404
_bLucia
_c55
_dLucia Elande
942 _cAM
_2AGRIS
999 _c318406
_d318406